|
|
|
|
| LEADER |
00000naa2a2200000 4500 |
| 001 |
108780 |
| 005 |
20231031115822.0 |
| 035 |
|
|
|a (RuTPU)RU\TPU\book\117430
|
| 090 |
|
|
|a 108780
|
| 100 |
|
|
|a 20070125d2006 k y0rusy50 ca
|
| 101 |
0 |
|
|a rus
|
| 102 |
|
|
|a RU
|
| 200 |
1 |
|
|a Проблемы формирования метаданных
|f М. В. Усов
|
| 320 |
|
|
|a Библиогр.: 4 назв.
|
| 463 |
|
0 |
|0 (RuTPU)RU\TPU\book\108762
|t Молодежь и современные информационные технологии
|o сборник трудов IV Всероссийской научно-практической конференции студентов, аспирантов и молодых ученых, г. Томск, 28 февраля - 2 марта 2006 г.
|f Томский политехнический университет; Молодежь и современные информационные технологии
|v С. 230-232
|d 2006
|p 418 с.
|
| 610 |
1 |
|
|a информация
|
| 610 |
1 |
|
|a метаданные
|
| 610 |
1 |
|
|a однозначность данных
|
| 610 |
1 |
|
|a семантическая метаинформация
|
| 610 |
1 |
|
|a метаинформация
|
| 610 |
1 |
|
|a управление данными
|
| 610 |
1 |
|
|a труды учёных ТПУ
|
| 610 |
1 |
|
|a системы управления
|
| 610 |
1 |
|
|a данные
|
| 700 |
|
1 |
|a Усов
|b М. В.
|
| 801 |
|
1 |
|a RU
|b 63413507
|c 20070125
|g PSBO
|
| 801 |
|
2 |
|a RU
|b 63413507
|c 20191223
|g RCR
|
| 942 |
|
|
|c BK
|